01341 2200229 4500001002100000005001500021035002000036008004100056245003400097100002400131250000600155260004000161300001200201084001400213082000800227650001000235520081800245990001201063990001201075990001201087990001201099INLIS00000000000128620240521103710 a0010-0524000521240521 1 ind 1 aAtheis /cAchdiat K. Mihandja aMihandja, Achdiat K a1 aJakarta :bPT. Balai Pustaka,c2009 a250 hlm a813 ACH a a813 4aFiksi aBuku ini dihadirkan untuk memahami dinamika masyarakat modern melalui cara masyarakat berkomunikasi. Judul "Keriuhan Komunikasi" yang dipilih ini ingin menggambarkan identiknya masyarakat modern dengan suasana kehirukpikukan karena keragaman komunikasi yang berkembang dalam masyarakat. Diferensiasi horisontal sistem sosial yang berkembang dalam masyarakat modern merepresentasikan berbagai kepentingan yang terungkap melalui komunikasi. Respon setiap sistem sosial akan tampak dalam tarik menarik kepentingan ataupun solusi yang ditawarkan melalui cara masyarakat berkomunikasi. Memahami komunikasi berarti memahami bagaimana masyarakat sebagai sebuah sistem sosial bekerja. Komunikasi akan tersimpan sebagai memori masyarakat yang akan mempengaruhi bagaimana komunikasi di masa mendatang mengenai isu tertentu. a0744166 a0744167 a0744168 a0744169